| 000 | 00514nam a2200145 a 4500 | ||
|---|---|---|---|
| 001 | 000038438 | ||
| 005 | 20201002031248.0 | ||
| 008 | 130411s2012 dr ac 000 0 spa d | ||
| 020 | _a9789945007169 | ||
| 040 |
_aDO-SdBNP _bspa _cBNPHU |
||
| 245 | 0 | 0 |
_aProyecto de Bambú : _bexperiencia en República Dominicana, 2010-12 / _cprólogo Valentín S. Guerrero P. |
| 260 |
_aSanto Domingo : _bMisión de Servicios Industriales de Taiwán, _c2012. |
||
| 300 |
_a99 p. ; _c22 cm. |
||
| 700 | 1 |
_aGuerrero P., Valentín S. _964782 |
|
| 999 |
_c37928 _d37928 |
||